000 00620nam a2200253Ia 4500
005 20260306154404.0
008 008 260114s9999 xx 000 0 eng d
020 _a9780511920974
037 _aEBOOK
040 _aCRL
040 _beng
040 _cCRL
041 _2eng
041 _aeng
084 _qCRL
100 _aPoon/Cohen-Mansfield
_91127453
245 0 _aUnderstanding Well-Being in the Oldest Old
260 _bCambridge University Press
260 _c2012
650 _a Psychology
856 _uhttps://doi.org/10.1017/CBO9780511920974
942 _cEBOOK
999 _c1707327
_d1707327